00447 2200181 4500001002100000005001500021008004100036020002200077035001900099041000700118082001000125090001600135100001400151245002300165260003200188300002800220650001700248INLIS00000000000234920241224112524241224||||||||| | ||| |||| || |  a978-602-235-341-6 0010-1224002349 aid0 a612.6 a612.6 IND r0 aIndonesia00aRapor Kesehatan Ku aJakartabBakti Husadac2013 a57 hlm. : ilus. ; 21 cm 0aBuku Panduan